[Event "Kouty nad Desnou op-A"]
[Site "Kouty nad Desnou"]
[Date "2017.03.14"]
[Round "5"]
[White "Slanicay, Gabriel"]
[Black "Macek, Oldrich"]
[Result "1-0"]
[WhiteElo "1760"]
[BlackElo "1704"]
[PlyCount "87"]
[EventDate "2017.03.11"]
[EventType "swiss"]
[EventRounds "9"]
[EventCountry "CZE"]
[SourceTitle "CBM 177 Extra"]
[Source "ChessBase"]
[SourceDate "2017.04.27"]
[SourceVersion "1"]
[SourceVersionDate "2017.04.27"]
[SourceQuality "1"]

1. Nf3 Nf6 2. g3 g6 3. Bg2 d6 4. d4 Bg7 5. 0-0 0-0 6. c4 Nbd7 7. b3 e5 8. Bb2 Nh5 9. Nbd2 f5 10. dxe5 dxe5 11. b4 e4 12. Nd4 Nb6 13. e3 Bd7 14. a4 a5 15. Qb3 Nf6 16. c5+ Nbd5 17. bxa5 Kh8 18. Nc4 Qc8 19. Rfd1 g5 20. Ne5 c6 21. Nc4 f4 22. Nd6 Qc7 23. Nxe4 fxe3 24. fxe3 Nxe4 25. Bxe4 Bg4 26. Rf1 Nf6 27. Ne6 Bxe6 28. Qxe6 Rae8 29. Rxf6 Bxf6 30. Bxf6+ Rxf6 31. Qxf6+ Qg7 32. Qxg7+ Kxg7 33. Bg2 Rxe3 34. Rb1 Re7 35. Rb6 Kf6 36. a6 bxa6 37. Rxc6+ Ke5 38. Rxa6 Rc7 39. c6 Kd4 40. a5 Kc5 41. Rb6 Ra7 42. Rb7 Ra8 43. c7 Kd6 44. Rb8 1-0

[Event "Kouty nad Desnou op-A"]
[Site "Kouty nad Desnou"]
[Date "2017.03.13"]
[Round "4"]
[White "Macek, Oldrich"]
[Black "Turicky, David"]
[Result "0-1"]
[WhiteElo "1704"]
[BlackElo "1856"]
[PlyCount "58"]
[EventDate "2017.03.11"]
[EventType "swiss"]
[EventRounds "9"]
[EventCountry "CZE"]
[SourceTitle "CBM 177 Extra"]
[Source "ChessBase"]
[SourceDate "2017.04.27"]
[SourceVersion "1"]
[SourceVersionDate "2017.04.27"]
[SourceQuality "1"]

1. e4 e5 2. Nf3 Nc6 3. Bc4 Bc5 4. b4 Bxb4 5. c3 Bc5 6. d4 exd4 7. cxd4 Bb4+ 8. Bd2 Bxd2+ 9. Qxd2 d6 10. 0-0 Nh6 11. d5 Ne5 12. Nxe5 dxe5 13. Qb2 Qd6 14. Nc3 a6 15. Rac1 0-0 16. Rc2 f5 17. exf5 Bxf5 18. Rd2 b5 19. Bd3 Bxd3 20. Rxd3 Rf4 21. Ne2 Rc4 22. Ng3 Rf8 23. Kh1 Ng4 24. f3 Qg6 25. Rc3 Nxh2 26. Kxh2 Rh4+ 27. Kg1 Qxg3 28. Rxc7 e4 29. Qc3 e3 0-1

[Event "Wch Seniors 50 26th"]
[Site "Marianske Lazne"]
[Date "2016.11.26"]
[Round "7"]
[White "Macek, Oldrich"]
[Black "Becvar, Miroslav"]
[Result "0-1"]
[WhiteElo "1677"]
[BlackElo "1834"]
[PlyCount "128"]
[EventDate "2016.11.19"]
[EventType "swiss"]
[EventRounds "11"]
[EventCountry "CZE"]
[SourceTitle "CBM 175 Extra"]
[Source "ChessBase"]
[SourceDate "2016.12.12"]
[SourceVersion "1"]
[SourceVersionDate "2016.12.12"]
[SourceQuality "1"]

1. e4 e6 2. Nf3 d5 3. Nc3 Bb4 4. a3 Ba5 5. b4 Bb6 6. Bb2 Ne7 7. Na4 dxe4 8. Nxb6 axb6 9. Ne5 Nf5 10. Qg4 Qh4 11. d3 f6 12. Qxh4 Nxh4 13. Nc4 exd3 14. cxd3 Nc6 15. Nd2 Bd7 16. g3 Nf5 17. Nb3 Nce7 18. Bg2 Nd5 19. 0-0 Kf7 20. Rac1 Rac8 21. Rfe1 Rhe8 22. Nd2 Nd6 23. Nc4 Nf5 24. Ne3 Nfxe3 25. fxe3 Bc6 26. e4 Ne7 27. d4 Red8 28. Bh3 Bd7 29. Rc2 Ng6 30. Bg2 c6 31. Rf2 Kg8 32. h4 Be8 33. Bh3 Bf7 34. Rd1 Rc7 35. Rfd2 Ne7 36. Bg2 Bh5 37. Rc1 Rcd7 38. Bh3 Bf7 39. a4 f5 40. Bg2 fxe4 41. Bxe4 Nf5 42. Bxf5 exf5 43. Rf2 g6 44. Re1 Ra8 45. g4 fxg4 46. Ra1 Bd5 47. Bc3 g3 48. Re2 Rf7 49. a5 Rf4 50. Re3 g2 51. h5 Raf8 52. Rg3 Rh4 53. Rxg2 Bxg2 54. Kxg2 Rxh5 55. a6 Rg5+ 56. Kh3 bxa6 57. Kh4 Rh5+ 58. Kg4 Rhf5 59. Bd2 h5+ 60. Kh4 a5 61. bxa5 bxa5 62. Rxa5 Rxa5 63. Bxa5 Rf4+ 64. Kg5 Rf5+ 0-1

[Event "Wch Seniors 50 26th"]
[Site "Marianske Lazne"]
[Date "2016.11.23"]
[Round "5"]
[White "Macek, Oldrich"]
[Black "Valet, Richard"]
[Result "1/2-1/2"]
[WhiteElo "1677"]
[BlackElo "1943"]
[PlyCount "65"]
[EventDate "2016.11.19"]
[EventType "swiss"]
[EventRounds "11"]
[EventCountry "CZE"]
[SourceTitle "CBM 175 Extra"]
[Source "ChessBase"]
[SourceDate "2016.12.12"]
[SourceVersion "1"]
[SourceVersionDate "2016.12.12"]
[SourceQuality "1"]

1. e4 c5 2. Nf3 Nc6 3. d4 cxd4 4. Nxd4 Nf6 5. Nc3 e5 6. Ndb5 d6 7. Bg5 a6 8. Na3 b5 9. Bxf6 gxf6 10. Nd5 Bg7 11. c3 f5 12. Bd3 Be6 13. Nxb5 axb5 14. Bxb5 Rc8 15. Nb4 Bd7 16. Qxd6 Nxb4 17. Qxb4 Bxb5 18. Qxb5+ Qd7 19. Qxd7+ Kxd7 20. exf5 Rb8 21. 0-0-0+ Kc6 22. Rhe1 Rb7 23. Re4 Rhb8 24. b3 Ra7 25. Kb2 f6 26. Rc4+ Kb7 27. Rd7+ Ka8 28. Rxa7+ Kxa7 29. Ra4+ Kb6 30. Rb4+ Kc7 31. Rc4+ Kb6 32. Rb4+ Kc7 33. Rc4+ 1/2-1/2

[Event "Wch Seniors 50 26th"]
[Site "Marianske Lazne"]
[Date "2016.11.19"]
[Round "1"]
[White "Macek, Oldrich"]
[Black "Gueci, Riccardo"]
[Result "0-1"]
[WhiteElo "1677"]
[BlackElo "2121"]
[PlyCount "150"]
[EventDate "2016.11.19"]
[EventType "swiss"]
[EventRounds "11"]
[EventCountry "CZE"]
[SourceTitle "CBM 175 Extra"]
[Source "ChessBase"]
[SourceDate "2016.12.12"]
[SourceVersion "1"]
[SourceVersionDate "2016.12.12"]
[SourceQuality "1"]

1. e4 c5 2. Nf3 a6 3. c3 g6 4. d4 cxd4 5. cxd4 d5 6. exd5 Nf6 7. Nc3 Nxd5 8. Bc4 e6 9. 0-0 Bg7 10. Bxd5 exd5 11. Re1+ Be6 12. Qb3 b5 13. Qxd5 Nd7 14. Bg5 Bf6 15. Bxf6 Nxf6 16. Qc6+ Kf8 17. d5 Bd7 18. Qd6+ Kg7 19. Re7 Re8 20. Rae1 Rxe7 21. Rxe7 Be8 22. Qe5 Rc8 23. g4 h6 24. Ne4 Qxd5 25. Qxf6+ Kg8 26. Nc3 Qc4 27. Re4 Qd3 28. Rd4 Qc2 29. Qxa6 Rc6 30. Qxb5 Re6 31. Qd3 Qxb2 32. a4 Bc6 33. a5 Qa1+ 34. Kg2 Qxa5 35. Rd8+ Kg7 36. Kg3 Rf6 37. Ne4 Bxe4 38. Rg8+ Kxg8 39. Qxe4 Qc7+ 40. Kg2 Qc6 41. Qe3 Qd5 42. Kg3 Qd1 43. h4 Kg7 44. Qc3 Qd6+ 45. Kg2 Kh7 46. g5 hxg5 47. hxg5 Rf5 48. Qe3 Qf4 49. Qxf4 Rxf4 50. Kg3 Rf5 51. Kg4 Kg7 52. Kg3 Kf8 53. Kg4 Ke7 54. Kg3 Kd6 55. Kg4 Kd5 56. Kg3 Ke4 57. Nd2+ Kd3 58. Nf3 Rd5 59. Kf4 Ke2 60. Ne5 Kxf2 61. Ke4 Ra5 62. Nxf7 Rf5 63. Nd6 Rxg5 64. Kf4 Ra5 65. Ne4+ Kg2 66. Ng5 Ra4+ 67. Ke5 Ra5+ 68. Kf6 Ra6+ 69. Kg7 Kg3 70. Ne4+ Kf4 71. Nc5 Rc6 72. Nd3+ Kf5 73. Kh6 g5+ 74. Kg7 g4 75. Nb4 Rg6+ 0-1

[Event "Pardubice op rap 26th"]
[Site "Pardubice"]
[Date "2015.07.23"]
[Round "7"]
[White "Macek, Oldrich"]
[Black "Nosek, Jan"]
[Result "1/2-1/2"]
[WhiteElo "1744"]
[BlackElo "1772"]
[PlyCount "87"]
[EventDate "2015.07.22"]
[EventType "swiss (rapid)"]
[EventRounds "9"]
[EventCountry "CZE"]
[SourceTitle "CBM 167 Extra"]
[Source "ChessBase"]
[SourceDate "2015.09.14"]
[SourceVersion "1"]
[SourceVersionDate "2015.09.14"]
[SourceQuality "1"]

1. e4 c5 2. Nf3 g6 3. d4 cxd4 4. Nxd4 Bg7 5. Bc4 Nc6 6. Be3 Nf6 7. f3 0-0 8. Nc3 Qb6 9. Bb3 Nxe4 10. Nd5 Qa5+ 11. c3 Nc5 12. Nxc6 dxc6 13. Nxe7+ Kh8 14. Nxc8 Raxc8 15. 0-0 Rcd8 16. Qc2 Rfe8 17. Bxc5 Qxc5+ 18. Qf2 Qxf2+ 19. Rxf2 Kg8 20. Kf1 Bh6 21. Re1 Kf8 22. Rfe2 Rxe2 23. Rxe2 Rd2 24. Bc2 Rxe2 25. Kxe2 Bf4 26. g3 Bc1 27. b3 Bb2 28. c4 c5 29. Kd3 Ke7 30. Ke4 Ke6 31. Bd3 Bc1 32. f4 f5+ 33. Kf3 h5 34. h3 Bb2 35. g4 hxg4+ 36. hxg4 Bc1 37. gxf5+ gxf5 38. Kg3 Kf6 39. Be2 b6 40. Bh5 Bb2 41. Bf3 Kg6 42. Bc6 Bd4 43. Be8+ Kf6 44. Bc6 1/2-1/2

[Event "Pardubice op rap 26th"]
[Site "Pardubice"]
[Date "2015.07.22"]
[Round "2"]
[White "Macek, Oldrich"]
[Black "Lagashin, Pavel"]
[Result "0-1"]
[WhiteElo "1744"]
[BlackElo "2084"]
[PlyCount "64"]
[EventDate "2015.07.22"]
[EventType "swiss (rapid)"]
[EventRounds "9"]
[EventCountry "CZE"]
[SourceTitle "CBM 167 Extra"]
[Source "ChessBase"]
[SourceDate "2015.09.14"]
[SourceVersion "1"]
[SourceVersionDate "2015.09.14"]
[SourceQuality "1"]

1. e4 c5 2. Nf3 e6 3. d4 cxd4 4. Nxd4 Nc6 5. Be2 Qc7 6. Nb5 Qb8 7. 0-0 Nf6 8. N1c3 a6 9. Na3 b5 10. Re1 b4 11. Nd5 bxa3 12. Nxf6+ gxf6 13. bxa3 Bd6 14. g3 Be5 15. Bh6 Bxa1 16. Qxa1 Qe5 17. Qc1 Nd4 18. Bd1 Bb7 19. f4 Qc5 20. Kf1 a5 21. Bg7 Ba6+ 22. Kg2 Rg8 23. Bxf6 Rc8 24. c3 Rg6 25. Be5 f6 26. f5 exf5 27. exf5 Qd5+ 28. Kh3 Nxf5 29. Bxf6+ Kf8 30. Bb3 Bc4 31. Rd1 Qe6 32. Bd4 Ne3+ 0-1

[Event "Kouty nad Desnou op-A"]
[Site "Kouty nad Desnou"]
[Date "2015.03.12"]
[Round "7"]
[White "Hlavac, Rudolf"]
[Black "Macek, Oldrich"]
[Result "1/2-1/2"]
[WhiteElo "2027"]
[BlackElo "1684"]
[PlyCount "125"]
[EventDate "2015.03.07"]
[EventType "swiss"]
[EventRounds "9"]
[EventCountry "CZE"]
[SourceTitle "EXT 2017"]
[Source "ChessBase"]
[SourceDate "2016.10.25"]
[SourceVersion "1"]
[SourceVersionDate "2016.10.25"]
[SourceQuality "1"]

1. e4 d5 2. exd5 Qxd5 3. Nc3 Qa5 4. d4 c6 5. Bd2 Nf6 6. Bc4 Bg4 7. Nge2 Nbd7 8. f3 Bf5 9. Ng3 Bg6 10. Qe2 Qc7 11. 0-0-0 0-0-0 12. Nce4 e6 13. Bb3 Nd5 14. Kb1 Be7 15. Qf2 Kb8 16. a3 Bh4 17. Bg5 Bxg5 18. Nxg5 c5 19. N5e4 c4 20. Ba2 h6 21. Qd2 b5 22. Ne2 Ka8 23. N2c3 Nxc3+ 24. Qxc3 f5 25. Ng3 Nf6 26. Ne2 Nd5 27. Qd2 Rb8 28. Nc3 Rhe8 29. Nxd5 exd5 30. g3 Bh5 31. Rhf1 Re7 32. Rde1 Rbe8 33. b4 Rxe1+ 34. Rxe1 Rxe1+ 35. Qxe1 Bxf3 36. Qe8+ Qb8 37. Qf7 Qb7 38. Qf8+ Qb8 39. Qxf5 Be4 40. Qd7 g6 41. Kc1 h5 42. c3 Qb7 43. Qe8+ Qb8 44. Qf7 Qd8 45. h4 Qb8 46. Qd7 Qb7 47. Qe6 a6 48. Bb1 Ka7 49. Bxe4 dxe4 50. Qxg6 e3 51. Qxh5 Qh1+ 52. Qd1 Qg2 53. Qe1 Qf3 54. h5 e2 55. d5 Qe3+ 56. Kb2 Qd3 57. Qf2+ Kb8 58. Qf8+ Kc7 59. Qe7+ Kc8 60. Qe8+ Kc7 61. Qe7+ Kc8 62. Qe8+ Kc7 63. Qe7+ 1/2-1/2

[Event "Kouty nad Desnou op-A"]
[Site "Kouty nad Desnou"]
[Date "2015.03.10"]
[Round "4"]
[White "Homolkova, Ivana"]
[Black "Macek, Oldrich"]
[Result "0-1"]
[WhiteElo "1504"]
[BlackElo "1684"]
[PlyCount "140"]
[EventDate "2015.03.07"]
[EventType "swiss"]
[EventRounds "9"]
[EventCountry "CZE"]
[SourceTitle "EXT 2017"]
[Source "ChessBase"]
[SourceDate "2016.10.25"]
[SourceVersion "1"]
[SourceVersionDate "2016.10.25"]
[SourceQuality "1"]

1. e4 d5 2. exd5 Qxd5 3. Nc3 Qa5 4. d4 Nf6 5. Nf3 Bg4 6. h3 Bh5 7. g4 Bg6 8. Ne5 c6 9. Bc4 e6 10. h4 Be4 11. 0-0 Bd5 12. Nxd5 cxd5 13. Bb3 Nbd7 14. Nxd7 Nxd7 15. Bf4 Be7 16. h5 Rc8 17. c3 Qb6 18. Qd3 Bd6 19. Bg5 h6 20. Bh4 Qc7 21. Kg2 a6 22. Bg3 Bxg3 23. fxg3 Nf6 24. Rae1 Kd8 25. Qf3 Qd6 26. Kh3 Rc7 27. Bc2 Kc8 28. Qf4 Qb6 29. Bb3 Ne4 30. Re2 a5 31. Bd1 Qa6 32. Rc2 Rf8 33. Be2 Qa7 34. Bd3 Ng5+ 35. Kg2 Re8 36. Qe5 f6 37. Qe2 Ree7 38. Bg6 Qb6 39. Re1 Kb8 40. Qd3 Ka7 41. Rce2 Qc6 42. Re3 b5 43. Qe2 Rb7 44. Bf5 e5 45. dxe5 d4+ 46. Be4 Nxe4 47. Rxe4 fxe5 48. cxd4 exd4 49. Kh2 Rxe4 50. Qxe4 Qxe4 51. Rxe4 Rd7 52. Re2 Kb6 53. Kg2 Kc5 54. Rd2 b4 55. Kf3 Rf7+ 56. Ke4 Re7+ 57. Kf4 Kc4 58. Kf3 a4 59. Re2 Rf7+ 60. Kg2 a3 61. bxa3 bxa3 62. Re4 Kc3 63. Re6 d3 64. Rc6+ Kd2 65. Rd6 Kc2 66. Rc6+ Kd1 67. Rd6 d2 68. Rd5 Rc7 69. Kf3 Kc1 70. Ke2 Re7+ 0-1

[Event "Kouty nad Desnou op-A"]
[Site "Kouty nad Desnou"]
[Date "2015.03.08"]
[Round "2"]
[White "Sykora, Ondrej"]
[Black "Macek, Oldrich"]
[Result "1-0"]
[WhiteElo "2131"]
[BlackElo "1684"]
[PlyCount "99"]
[EventDate "2015.03.07"]
[EventType "swiss"]
[EventRounds "9"]
[EventCountry "CZE"]
[SourceTitle "EXT 2017"]
[Source "ChessBase"]
[SourceDate "2016.10.25"]
[SourceVersion "1"]
[SourceVersionDate "2016.10.25"]
[SourceQuality "1"]

1. e4 d5 2. exd5 Qxd5 3. Nf3 Bg4 4. Be2 Nc6 5. h3 Bh5 6. d4 0-0-0 7. c4 Qd6 8. d5 Ne5 9. Nxe5 Qxe5 10. Be3 Qxb2 11. Nd2 Bxe2 12. Kxe2 e6 13. Qa4 Qa3 14. Qxa3 Bxa3 15. dxe6 fxe6 16. Rab1 Be7 17. Rb3 Nf6 18. Rhb1 b6 19. a4 Nd7 20. Ne4 c5 21. a5 Kc7 22. axb6+ axb6 23. Bf4+ e5 24. Bd2 h6 25. Nc3 Rb8 26. Nd5+ Kd8 27. Nxb6 Ke8 28. Nxd7 Rxb3 29. Rxb3 Kxd7 30. Rb7+ Kd6 31. Be3 Rc8 32. Kd3 Rc7 33. Rxc7 Kxc7 34. Ke4 Kd6 35. Kf5 Bf8 36. f3 Be7 37. g4 Bf6 38. Bf2 Be7 39. Bg3 Bf6 40. Bh2 Ke7 41. Bxe5 g6+ 42. Ke4 Bh4 43. Kd5 Bf2 44. Bd6+ Kf6 45. Bxc5 Be1 46. f4 h5 47. Kd6 Bd2 48. Bd4+ Kf7 49. f5 gxf5 50. gxf5 1-0

[Event "Kouty nad Desnou op-A"]
[Site "Kouty nad Desnou"]
[Date "2014.03.13"]
[Round "7"]
[White "Ferkova, Dominika"]
[Black "Macek, Oldrich"]
[Result "1-0"]
[WhiteElo "1590"]
[BlackElo "1672"]
[PlyCount "95"]
[EventDate "2014.03.08"]
[EventType "swiss"]
[EventRounds "9"]
[EventCountry "CZE"]
[SourceTitle "EXT 2015"]
[Source "ChessBase"]
[SourceDate "2014.11.20"]
[SourceVersion "1"]
[SourceVersionDate "2014.11.20"]
[SourceQuality "1"]

1. d4 Nf6 2. c4 e6 3. Nc3 Bb4 4. Nf3 0-0 5. e3 Ne4 6. Bd2 Nxd2 7. Qxd2 d5 8. b3 Qe7 9. Bd3 f5 10. 0-0 c6 11. c5 Ba5 12. Nxd5 cxd5 13. Qxa5 Nc6 14. Qc3 g5 15. h3 g4 16. hxg4 fxg4 17. Nh2 e5 18. dxe5 Nxe5 19. Be2 Qg5 20. Kh1 Ng6 21. Qd4 h5 22. f4 Qd8 23. Rad1 Be6 24. f5 Bxf5 25. Qxd5+ Qxd5 26. Rxd5 Be4 27. Rxh5 Rxf1+ 28. Nxf1 Rf8 29. Kg1 Bf5 30. Rg5 Kg7 31. Bxg4 Bd3 32. Ng3 Rd8 33. Bf3 Kf6 34. Rd5 Rxd5 35. Bxd5 Ba6 36. e4 Ke5 37. c6 bxc6 38. Bxc6 Nf4 39. b4 Bc4 40. a4 Nd3 41. b5 Bb3 42. a5 Ba4 43. a6 Nb4 44. Bb7 Nxa6 45. Kf2 Nc5 46. Bc6 a6 47. Ke3 Bxb5 48. Bd7 1-0

[Event "Kouty nad Desnou op-A"]
[Site "Kouty nad Desnou"]
[Date "2014.03.11"]
[Round "5"]
[White "Haring, Viktor"]
[Black "Macek, Oldrich"]
[Result "1-0"]
[WhiteElo "2109"]
[BlackElo "1672"]
[PlyCount "55"]
[EventDate "2014.03.08"]
[EventType "swiss"]
[EventRounds "9"]
[EventCountry "CZE"]
[SourceTitle "EXT 2015"]
[Source "ChessBase"]
[SourceDate "2014.11.20"]
[SourceVersion "1"]
[SourceVersionDate "2014.11.20"]
[SourceQuality "1"]

1. e4 e6 2. d4 d5 3. Nd2 Be7 4. Ngf3 c5 5. exd5 exd5 6. dxc5 Nf6 7. Nb3 0-0 8. Be2 Ne4 9. Be3 f5 10. c4 Be6 11. Nbd4 Qa5+ 12. Kf1 Bf7 13. Nxf5 Bxc5 14. cxd5 Bxe3 15. Nxe3 Nd7 16. Qd4 Ndf6 17. Bc4 Nd6 18. Bb3 Rfe8 19. Ng5 Bg6 20. Ne6 Re7 21. f3 Rf7 22. Rd1 Rc8 23. Nf4 Bf5 24. Kg1 Rfc7 25. h3 Rc5 26. Kh2 Qc7 27. Nxf5 Nxf5 28. d6+ 1-0

[Event "Kouty nad Desnou op-F"]
[Site "Kouty nad Desnou"]
[Date "2013.03.09"]
[Round "1"]
[White "Skalicky, Tomas"]
[Black "Macek, Oldrich"]
[Result "1-0"]
[WhiteElo "1960"]
[BlackElo "1674"]
[PlyCount "87"]
[EventDate "2013.03.09"]
[EventType "swiss"]
[EventRounds "9"]
[EventCountry "CZE"]
[SourceTitle "EXT 2015"]
[Source "ChessBase"]
[SourceDate "2014.11.20"]
[SourceVersion "1"]
[SourceVersionDate "2014.11.20"]
[SourceQuality "1"]

1. d4 Nf6 2. c4 c5 3. Nf3 g6 4. Nc3 Bg7 5. e4 0-0 6. Be2 d6 7. h3 Bd7 8. 0-0 h6 9. Be3 cxd4 10. Nxd4 Nc6 11. Qd2 Kh7 12. Rab1 Nxd4 13. Bxd4 Bc6 14. Bf3 Ne8 15. b4 Bxd4 16. Qxd4 Ng7 17. g3 f5 18. Rbd1 fxe4 19. Bxe4 Bxe4 20. Qxe4 b6 21. f4 Rc8 22. Nd5 Rf7 23. g4 Qd7 24. Rfe1 h5 25. Nxe7 Rf6 26. Nxc8 Qxc8 27. g5 Re6 28. Qd3 Nf5 29. Kf2 Rxe1 30. Rxe1 Qc6 31. a3 a5 32. Re4 axb4 33. axb4 Qa4 34. Qc3 h4 35. Re1 Qd7 36. b5 Qc7 37. Re8 Qc5+ 38. Kg2 Nd4 39. Qe3 Nf5 40. Qxc5 dxc5 41. Re6 Kg7 42. Rxb6 Ne3+ 43. Kg1 Nxc4 44. Rc6 1-0

[Event "Kouty nad Desnou op-A"]
[Site "Kouty nad Desnou"]
[Date "2012.03.16"]
[Round "8"]
[White "Macek, Oldrich"]
[Black "Moravec, Vit"]
[Result "0-1"]
[WhiteElo "1618"]
[BlackElo "2174"]
[PlyCount "86"]
[EventDate "2012.03.10"]
[EventType "swiss"]
[EventRounds "9"]
[EventCountry "CZE"]
[SourceTitle "EXT 2013"]
[Source "ChessBase"]
[SourceDate "2012.11.22"]
[SourceVersion "1"]
[SourceVersionDate "2012.11.22"]
[SourceQuality "1"]

1. d4 Nf6 2. c4 e6 3. Nc3 Bb4 4. Qc2 c5 5. dxc5 Na6 6. Nf3 Nxc5 7. Bd2 b6 8. Nb5 Bxd2+ 9. Nxd2 0-0 10. Nd6 Qc7 11. Nxc8 Raxc8 12. e3 Qb7 13. f3 d5 14. Be2 dxc4 15. Nxc4 Qd5 16. e4 Qg5 17. 0-0 Ncxe4 18. fxe4 Qc5+ 19. Kh1 b5 20. b3 bxc4 21. Bxc4 Qe5 22. Rae1 Ng4 23. g3 Rfd8 24. Qe2 Nf6 25. Bd3 Rd4 26. Bc2 Rcd8 27. Rd1 Rxd1 28. Rxd1 Rxd1+ 29. Qxd1 h5 30. Qe1 g5 31. a4 g4 32. Qe3 a5 33. Qd3 Kg7 34. Qb5 Qa1+ 35. Kg2 Qc1 36. Qd3 h4 37. e5 h3+ 38. Kf2 Nd5 39. Qh7+ Kf8 40. Qe4 Qd2+ 41. Qe2 Qd4+ 42. Ke1 Nc3 43. Qd2 Qg1# 0-1

[Event "Kouty nad Desnou op-A"]
[Site "Kouty nad Desnou"]
[Date "2012.03.15"]
[Round "7"]
[White "Fusek, Lukas"]
[Black "Macek, Oldrich"]
[Result "0-1"]
[WhiteElo "1969"]
[BlackElo "1618"]
[PlyCount "82"]
[EventDate "2012.03.10"]
[EventType "swiss"]
[EventRounds "9"]
[EventCountry "CZE"]
[SourceTitle "EXT 2013"]
[Source "ChessBase"]
[SourceDate "2012.11.22"]
[SourceVersion "1"]
[SourceVersionDate "2012.11.22"]
[SourceQuality "1"]

1. Nf3 Nf6 2. c4 g6 3. g3 Bg7 4. Bg2 0-0 5. 0-0 d6 6. Nc3 e5 7. d3 c6 8. Rb1 Re8 9. b4 a6 10. a4 d5 11. Nd2 Be6 12. Qc2 Bh6 13. b5 axb5 14. axb5 Re7 15. e3 Rc7 16. b6 Rd7 17. Ne2 Nh5 18. c5 f5 19. Bb2 Bg7 20. Ra1 Rxa1 21. Rxa1 Qe7 22. Ra8 Rd8 23. d4 Nd7 24. Ra7 Rb8 25. Nb3 Qe8 26. Na5 Qc8 27. dxe5 Nxe5 28. Nd4 Bd7 29. f4 Nf7 30. Qa4 Nd8 31. Bf3 Nf6 32. Ndb3 Ne4 33. Bxg7 Kxg7 34. Bxe4 fxe4 35. Qd4+ Kg8 36. Qe5 Ne6 37. g4 Qf8 38. Nxb7 Re8 39. Nd6 Re7 40. Rxd7 Nxf4 41. Qxe7 Ne2+ 0-1

[Event "Kouty nad Desnou op-A"]
[Site "Kouty nad Desnou"]
[Date "2012.03.14"]
[Round "6"]
[White "Macek, Oldrich"]
[Black "Framberk, Jan"]
[Result "0-1"]
[WhiteElo "1618"]
[BlackElo "2008"]
[PlyCount "54"]
[EventDate "2012.03.10"]
[EventType "swiss"]
[EventRounds "9"]
[EventCountry "CZE"]
[SourceTitle "EXT 2013"]
[Source "ChessBase"]
[SourceDate "2012.11.22"]
[SourceVersion "1"]
[SourceVersionDate "2012.11.22"]
[SourceQuality "1"]

1. d4 Nf6 2. Nf3 c5 3. d5 e6 4. Nc3 d6 5. e4 Be7 6. Bb5+ Bd7 7. dxe6 fxe6 8. Bc4 Nc6 9. Ng5 Nd4 10. Ne2 Nxe2 11. Qxe2 d5 12. e5 dxc4 13. exf6 Bxf6 14. Nxe6 Bxe6 15. Qxe6+ Qe7 16. Qxe7+ Kxe7 17. c3 Rhe8 18. 0-0 Kd6 19. Bf4+ Kc6 20. Rad1 Re2 21. Rd6+ Kb5 22. Rd7 b6 23. Rd2 Rae8 24. Be3 R8xe3 25. Rd7 Re7 26. Rxe7 Rxe7 27. f3 Re2 0-1

[Event "Kouty nad Desnou op-A"]
[Site "Kouty nad Desnou"]
[Date "2012.03.13"]
[Round "5"]
[White "Valencik, Jozef"]
[Black "Macek, Oldrich"]
[Result "0-1"]
[WhiteElo "1872"]
[BlackElo "1618"]
[PlyCount "46"]
[EventDate "2012.03.10"]
[EventType "swiss"]
[EventRounds "9"]
[EventCountry "CZE"]
[SourceTitle "EXT 2013"]
[Source "ChessBase"]
[SourceDate "2012.11.22"]
[SourceVersion "1"]
[SourceVersionDate "2012.11.22"]
[SourceQuality "1"]

1. e4 c5 2. Nf3 d6 3. d4 cxd4 4. Nxd4 Nf6 5. Nc3 a6 6. Bg5 e6 7. f4 Be7 8. Qf3 Qc7 9. 0-0-0 b5 10. e5 Bb7 11. Qg3 dxe5 12. fxe5 b4 13. Bxf6 gxf6 14. Qg7 Rf8 15. Na4 Nd7 16. exf6 Bxf6 17. Qh6 Qa5 18. Nxe6 fxe6 19. Qxh7 Qxa4 20. Qg6+ Ke7 21. Bc4 Ne5 22. Rhe1 Qc6 23. Qh7+ Rf7 0-1

[Event "Kouty nad Desnou op-A"]
[Site "Kouty nad Desnou"]
[Date "2011.03.19"]
[Round "9"]
[White "Macek, Oldrich"]
[Black "Novak, Jiri"]
[Result "1-0"]
[WhiteElo "1594"]
[BlackElo "1692"]
[PlyCount "93"]
[EventDate "2011.03.12"]
[EventType "swiss"]
[EventRounds "9"]
[EventCountry "CZE"]
[SourceTitle "EXT 2014"]
[Source "ChessBase"]
[SourceDate "2013.11.20"]
[SourceVersion "1"]
[SourceVersionDate "2013.11.20"]
[SourceQuality "1"]

1. d4 d5 2. c4 e6 3. Nc3 Nf6 4. Nf3 Be7 5. Bf4 c6 6. e3 Bd6 7. Bg5 h6 8. Bh4 Be7 9. Rc1 dxc4 10. Bxc4 Nbd7 11. 0-0 0-0 12. Qe2 Nd5 13. Bxe7 Qxe7 14. Ne4 N5b6 15. Bb3 e5 16. Ng3 exd4 17. Nxd4 Nf6 18. Rfd1 Nbd5 19. h3 Re8 20. Qf3 Be6 21. Ngf5 Bxf5 22. Nxf5 Qe4 23. Qxe4 Rxe4 24. f3 Ree8 25. e4 Nf4 26. Kf1 Ne6 27. e5 Nh7 28. Rd7 Rab8 29. Nd6 Red8 30. Rxb7 Rxb7 31. Nxb7 Rb8 32. Nd6 Nd8 33. f4 Nf8 34. f5 Rb4 35. g3 Rd4 36. Ke2 g6 37. Ke3 Rb4 38. Rc4 Rb8 39. Ke4 Kg7 40. Ra4 Nd7 41. Rxa7 Nc5+ 42. Kf4 g5+ 43. Kg4 Rb4+ 44. Kh5 Ne4 45. Nxe4 Rxe4 46. e6 Kf6 47. exf7 1-0

[Event "Kouty nad Desnou op-A"]
[Site "Kouty nad Desnou"]
[Date "2011.03.18"]
[Round "8"]
[White "Tuma, Jan"]
[Black "Macek, Oldrich"]
[Result "1/2-1/2"]
[WhiteElo "1663"]
[BlackElo "1594"]
[PlyCount "68"]
[EventDate "2011.03.12"]
[EventType "swiss"]
[EventRounds "9"]
[EventCountry "CZE"]
[SourceTitle "EXT 2014"]
[Source "ChessBase"]
[SourceDate "2013.11.20"]
[SourceVersion "1"]
[SourceVersionDate "2013.11.20"]
[SourceQuality "1"]

1. e4 c5 2. Nf3 Nc6 3. d4 cxd4 4. Nxd4 g6 5. Nc3 Bg7 6. Be3 d6 7. Bc4 Nf6 8. f3 0-0 9. Qd2 Bd7 10. 0-0-0 Re8 11. g4 Ne5 12. Bb3 b5 13. Bh6 a5 14. Kb1 Rb8 15. Bxg7 Kxg7 16. h4 h5 17. gxh5 Nxh5 18. Rdg1 e6 19. f4 Nc4 20. Bxc4 bxc4 21. f5 Rf8 22. fxg6 fxg6 23. Rg5 e5 24. Rhg1 Nf4 25. Nde2 Qb6 26. Nd1 Be8 27. Nxf4 Rxf4 28. h5 Rf6 29. hxg6 Rxg6 30. Rxg6+ Bxg6 31. Qg2 d5 32. exd5 c3 33. b3 a4 34. Qg3 Re8 1/2-1/2

[Event "Kouty nad Desnou op-A"]
[Site "Kouty nad Desnou"]
[Date "2011.03.15"]
[Round "5"]
[White "Macek, Oldrich"]
[Black "Mriso, Milos"]
[Result "0-1"]
[WhiteElo "1594"]
[BlackElo "1796"]
[PlyCount "108"]
[EventDate "2011.03.12"]
[EventType "swiss"]
[EventRounds "9"]
[EventCountry "CZE"]
[SourceTitle "EXT 2014"]
[Source "ChessBase"]
[SourceDate "2013.11.20"]
[SourceVersion "1"]
[SourceVersionDate "2013.11.20"]
[SourceQuality "1"]

1. d4 c6 2. Bf4 d5 3. e3 Bf5 4. Nf3 Nd7 5. Nh4 Bg6 6. Nxg6 hxg6 7. c4 e6 8. a3 a5 9. cxd5 exd5 10. Bd3 Ngf6 11. Nc3 Nh5 12. Ne2 Nxf4 13. Nxf4 Bd6 14. Qf3 Qf6 15. Be2 Bxf4 16. Qxf4 Qxf4 17. exf4 Ke7 18. 0-0-0 Kd6 19. Bd3 Nf6 20. h3 Rhe8 21. Rhe1 Rxe1 22. Rxe1 Re8 23. Rxe8 Nxe8 24. a4 Nc7 25. f5 gxf5 26. Bxf5 g6 27. Bd3 Ne6 28. Kd2 Nxd4 29. h4 Ne6 30. Ke3 Ke5 31. g3 f5 32. g4 Nf4 33. gxf5 Ng2+ 34. Ke2 Nxh4 35. fxg6 Kf6 36. Ke3 Nxg6 37. Kd4 Ne5 38. Be2 b6 39. Ba6 Ke6 40. f4 Nf7 41. Bb7 Kd7 42. Ba6 Kd6 43. Be2 Nh6 44. Bd3 Ng4 45. Be2 Nf6 46. Bf3 c5+ 47. Kd3 Ke6 48. b3 Kf5 49. Kc3 Kxf4 50. Be2 Ke3 51. Bf1 Ne4+ 52. Kc2 d4 53. Kd1 d3 54. Bg2 Nf2+ 0-1